000 00258nam a2200109Ia 4500
082 _a617.41
_bS 08 G
100 _aGIRI, RAJNASH V.
245 _aSYNOPSIS OF ASTANGA HRIDAYA
260 _bCHAUKHAMBHA PUB. NEW DELHI
_c2008
300 _a174
942 _2ddc
_cBK
_021
999 _c7699
_d7699